Rethinking new religious movements
Guardado en:
| Autor principal: | |
|---|---|
| Formato: | Libro |
| Lenguaje: | español francés inglés |
| Publicado: |
Roma
Pontifical Gregorian University
1998
|
| Materias: | |
| Etiquetas: |
Agregar Etiqueta
Sin Etiquetas, Sea el primero en etiquetar este registro!
|
MARC
| LEADER | 00000nam a2200000 a 4500 | ||
|---|---|---|---|
| 001 | UCL4046 | ||
| 003 | CL-VaPUC | ||
| 005 | 20210527001550.0 | ||
| 008 | 031219e19980000it 1 spa d | ||
| 041 | 0 | 7 | |a spa |2 CL-VaPUC |
| 041 | 0 | 7 | |a fre |2 CL-VaPUC |
| 041 | 0 | 7 | |a eng |2 CL-VaPUC |
| 082 | 0 | 4 | |a 262.9 |b FUS |2 21 |
| 100 | 1 | |a Fuss, Michael A |e author |9 620460 | |
| 245 | 1 | 0 | |a Rethinking new religious movements |
| 260 | |a Roma |b Pontifical Gregorian University |c 1998 | ||
| 300 | |a 792 p | ||
| 583 | |a last modification |c 20190911 12:01:04 |k Rodrigo Vera | ||
| 650 | 0 | 0 | |a Derecho eclesiástico |9 255055 |
| 650 | 0 | 7 | |a DERECHO CANONICO |2 CL-VaPUC |9 620461 |
| 650 | 0 | 7 | |a LIBERTAD RELIGIOSA |2 CL-VaPUC |9 620462 |
| 650 | 0 | 7 | |a RELIGION Y ESTADO |2 CL-VaPUC |9 481532 |
| 942 | |c BK | ||
| 945 | |a cmena |d 20031219 00:00:00 | ||
| 546 | |a En Español | ||
| 546 | |a En Francés | ||
| 546 | |a En Inglés | ||
| 536 | |a Pontifical Gregorian University | ||
| 536 | |a Research center on Cultures and Religions | ||
| 518 | |p Pontifical Council for Interreligious Dialogue, 4, Roma, april 5 1991 | ||
| 999 | |c 383961 |d 383959 | ||
| 952 | |0 0 |1 0 |4 0 |6 262_900000000000000_FUS_1998 |7 0 |8 A |9 506301 |a BIBDER |b BIBDER |d 2020-01-23 |i 3847209 |o 262.9 FUS 1998 |p 3847209 |r 2023-01-25 |w 2020-01-23 |y BK |k DER | ||